00678nam a22001097a 4500040000800000082002700008100004400035245042400079260002600503300002500529856001400554 cRUA aAED HEM 2018 B657 Or.1 aHEM SINAT ហែម ស៊ីណាត  athe study on economic efficiency of poul try farm in phearimeanchey commune, basedth district, kampong pseu province ការសិក្សារអំពីប្រសិទ្ធភាពសេដ្ឋកិច្ចកសិដ្ឋានចិញ្ចឹមមាន់យកសាច់នៅឃុំភារីមានជ័យ ស្រុកបសេដ្ឋ ខេត្តកំពង់ស្ពឺ aRUAbPhnom penhc2018 aviii;43pbill;c29cm uHEM SINAT